Times do Sudeste com mais participações no Brasileirão - Statistics

Estatísticas Gerais
  • Esse quiz foi jogado 86 vezes
  • A pontuação média é 17 de 20
Estatísticas das Respostas
Participações Última participação Divisão atual Cidade Melhor colocação Resposta % Correto
64 2026 Série A Belo Horizonte Campeão (3 vezes) Atlético Mineiro
100%
58 2026 Série A São Paulo Campeão (7 vezes) Corinthians
100%
63 2026 Série A Belo Horizonte Campeão (4 vezes) Cruzeiro
100%
61 2026 Série A Rio de Janeiro Campeão (8 vezes) Flamengo
100%
63 2026 Série A São Paulo Campeão (12 vezes) Palmeiras
100%
65 2026 Série A Santos Campeão (8 vezes) Santos
100%
59 2026 Série A São Paulo Campeão (6 vezes) São Paulo
100%
61 2026 Série A Rio de Janeiro Campeão (3 vezes) Botafogo
99%
61 2026 Série A Rio de Janeiro Campeão (4 vezes) Fluminense
99%
57 2026 Série A Rio de Janeiro Campeão (4 vezes) Vasco da Gama
97%
16 2026 Série A Bragança Paulista Vice-campeão (1991) Red Bull Bragantino
93%
19 1988 Série D Rio de Janeiro 3° colocado (1961) America
92%
24 2017 Série B Campinas 3° colocado (1981) Ponte Preta
89%
29 2010 Série C Campinas Campeão (1978) Guarani
87%
36 2013 Série D São Paulo Vice-campeão (1996) Portuguesa
87%
19 2023 Série B Belo Horizonte 7° colocado (1973) América Mineiro
79%
11 1988 Sem divisão nacional Rio de Janeiro Vice-campeão (1985) Bangu
77%
15 1993 Sem divisão nacional Cariacica 14° colocado (1965) Desportiva Ferroviária
41%
13 1987 Série D Vitória 3° colocado (1937) Rio Branco
41%
8 1983 Sem divisão nacional Campos dos Goytacazes 8° colocado (1966) Americano
36%
Nenhum quiz correspondente encontrado
Distribuição das Pontuações
Porcentagem de Pessoas com Cada Pontuação
Percentil de Números Respondidos
Sua Pontuação Histórica
Você não jogou esse quiz